<?xml version="1.0" encoding="UTF-8"?>
<record
    xmlns:xsi="http://www.w3.org/2001/XMLSchema-instance"
    xsi:schemaLocation="http://www.loc.gov/MARC21/slim http://www.loc.gov/standards/marcxml/schema/MARC21slim.xsd"
    xmlns="http://www.loc.gov/MARC21/slim">

  <leader>01371nam a22001937a 4500</leader>
  <datafield tag="999" ind1=" " ind2=" ">
    <subfield code="c">39297</subfield>
    <subfield code="d">39297</subfield>
  </datafield>
  <datafield tag="020" ind1=" " ind2=" ">
    <subfield code="a">9789383079179</subfield>
  </datafield>
  <datafield tag="082" ind1=" " ind2=" ">
    <subfield code="a">398.20954</subfield>
    <subfield code="b">BER-T</subfield>
  </datafield>
  <datafield tag="100" ind1=" " ind2=" ">
    <subfield code="a">Berry,Radhon Singh </subfield>
    <subfield code="e">Author.</subfield>
  </datafield>
  <datafield tag="245" ind1=" " ind2=" ">
    <subfield code="a">The teachings of elders Ka jingsneng tymmen/ </subfield>
    <subfield code="c">By Radhon Singh Berry &amp; joya Sawian </subfield>
  </datafield>
  <datafield tag="260" ind1=" " ind2=" ">
    <subfield code="a">Guwahat:</subfield>
    <subfield code="b">Vivekananda Kendra Institute of Culture,</subfield>
    <subfield code="c">2016.</subfield>
  </datafield>
  <datafield tag="300" ind1=" " ind2=" ">
    <subfield code="a">ix, 106p.</subfield>
  </datafield>
  <datafield tag="440" ind1=" " ind2=" ">
    <subfield code="a">Parts- I &amp; II,</subfield>
  </datafield>
  <datafield tag="520" ind1=" " ind2=" ">
    <subfield code="a">The Teachings of Elders is Penned in Khasi by Radhon Sing Berry Kharwanlang during the advent of the British in Meghalaya &#x2018;Ka Jingsneng Tymmen&#x2019; was written with the express hope that the wisdom of the ancients should find continuity. From personal to civic habits, business to governance, inter-personal relationships to communion with the Divine - the range of subjects is as vast as life itself, as excerpts from various verses exemplify. In this the sage counsel to children, to youth, to married couples and to elders. Practice of these time-tested principles can only create evolved beings which, in essence, is the purpose of the Teachings itself.</subfield>
  </datafield>
  <datafield tag="650" ind1=" " ind2=" ">
    <subfield code="a">Folklore</subfield>
    <subfield code="z">India, Northeastern.</subfield>
  </datafield>
  <datafield tag="650" ind1=" " ind2=" ">
    <subfield code="a">Khasi (Indic people)</subfield>
    <subfield code="v">Wisdom and teachings.</subfield>
    <subfield code="x">Social life and customs</subfield>
    <subfield code="z">India, Northeastern.</subfield>
  </datafield>
  <datafield tag="650" ind1=" " ind2=" ">
    <subfield code="a">Cultural heritage</subfield>
    <subfield code="x">Social life and customs</subfield>
    <subfield code="z">India, Northeastern.</subfield>
  </datafield>
  <datafield tag="700" ind1=" " ind2=" ">
    <subfield code="a">Bijoya Sawian </subfield>
    <subfield code="e">translater </subfield>
  </datafield>
  <datafield tag="942" ind1=" " ind2=" ">
    <subfield code="2">ddc</subfield>
    <subfield code="c">BK</subfield>
  </datafield>
  <datafield tag="952" ind1=" " ind2=" ">
    <subfield code="0">0</subfield>
    <subfield code="1">0</subfield>
    <subfield code="4">0</subfield>
    <subfield code="7">0</subfield>
    <subfield code="a">NASSDOC</subfield>
    <subfield code="b">NASSDOC</subfield>
    <subfield code="d">2024-03-21</subfield>
    <subfield code="e">Overseas Press Pvt LTD</subfield>
    <subfield code="g">48.75</subfield>
    <subfield code="h">Part 2</subfield>
    <subfield code="i">2024-03-20</subfield>
    <subfield code="l">0</subfield>
    <subfield code="o">398.20954 BER-T</subfield>
    <subfield code="p">54437</subfield>
    <subfield code="r">2024-05-24 00:00:00</subfield>
    <subfield code="v">75.00</subfield>
    <subfield code="w">2024-03-20</subfield>
    <subfield code="y">BK</subfield>
  </datafield>
  <datafield tag="952" ind1=" " ind2=" ">
    <subfield code="0">0</subfield>
    <subfield code="1">0</subfield>
    <subfield code="4">0</subfield>
    <subfield code="7">0</subfield>
    <subfield code="a">NASSDOC</subfield>
    <subfield code="b">NASSDOC</subfield>
    <subfield code="d">2024-03-21</subfield>
    <subfield code="e">Overseas Press Pvt LTD</subfield>
    <subfield code="g">48.75</subfield>
    <subfield code="h">Part 1</subfield>
    <subfield code="i">2024-03-20</subfield>
    <subfield code="l">0</subfield>
    <subfield code="o">398.20954 BER-T</subfield>
    <subfield code="p">54436</subfield>
    <subfield code="r">2024-05-24 00:00:00</subfield>
    <subfield code="v">75.00</subfield>
    <subfield code="w">2024-03-20</subfield>
    <subfield code="y">BK</subfield>
  </datafield>
</record>
